The thin blue line : (Record no. 3764)
[ view plain ]
| 000 -LEADER | |
|---|---|
| fixed length control field | 00950cam a2200277 i 4500 |
| 001 - CONTROL NUMBER | |
| control field | 2680130 |
| 003 - CONTROL NUMBER IDENTIFIER | |
| control field | OSt |
| 005 - DATE AND TIME OF LATEST TRANSACTION | |
| control field | 20230704115746.0 |
| 008 - FIXED-LENGTH DATA ELEMENTS--GENERAL INFORMATION | |
| fixed length control field | 741212s1974 ctub b 001 0 eng |
| 010 ## - LIBRARY OF CONGRESS CONTROL NUMBER | |
| LC control number | 74079977 |
| 020 ## - INTERNATIONAL STANDARD BOOK NUMBER | |
| International Standard Book Number | 0300017820 : |
| Terms of availability | $12.50 |
| 040 ## - CATALOGING SOURCE | |
| Original cataloging agency | DLC |
| Transcribing agency | DLC |
| Modifying agency | DLC |
| 082 00 - DEWEY DECIMAL CLASSIFICATION NUMBER | |
| Classification number | 341.5 |
| Item number | RIK |
| 100 1# - MAIN ENTRY--PERSONAL NAME | |
| Personal name | Rikhye, Indar Jit, |
| Dates associated with a name | 1920-2007. |
| 245 14 - TITLE STATEMENT | |
| Title | The thin blue line : |
| Remainder of title | international peacekeeping and its future / |
| Statement of responsibility, etc. | Indar Jit Rikhye, Michael Harbottle, Bjørn Egge. |
| 260 ## - PUBLICATION, DISTRIBUTION, ETC. (IMPRINT) | |
| Place of publication, distribution, etc. | New Haven : |
| Name of publisher, distributor, etc. | Yale University Press, |
| Date of publication, distribution, etc. | 1974. |
| 300 ## - PHYSICAL DESCRIPTION | |
| Extent | xvi, 353 p. : |
| Other physical details | maps ; |
| Dimensions | 25 cm. |
| 500 ## - GENERAL NOTE | |
| General note | "A study sponsored by the International Peace Academy." |
| 500 ## - GENERAL NOTE | |
| General note | Includes index. |
| 504 ## - BIBLIOGRAPHY, ETC. NOTE | |
| Bibliography, etc | Bibliography: p. [340]-343. |
| 610 20 - SUBJECT ADDED ENTRY--CORPORATE NAME | |
| Corporate name or jurisdiction name as entry element | United Nations |
| General subdivision | Armed Forces. |
| 700 1# - ADDED ENTRY--PERSONAL NAME | |
| Personal name | Harbottle, Michael, |
| Relator term | joint author. |
| 700 1# - ADDED ENTRY--PERSONAL NAME | |
| Personal name | Egge, Bjørn, |
| Relator term | joint author. |
| 906 ## - LOCAL DATA ELEMENT F, LDF (RLIN) | |
| a | 7 |
| b | cbc |
| c | orignew |
| d | 2 |
| e | opcn |
| f | 19 |
| g | y-gencatlg |
| 942 ## - ADDED ENTRY ELEMENTS (KOHA) | |
| Source of classification or shelving scheme | Dewey Decimal Classification |
| Koha item type | Books |
| Withdrawn status | Lost status | Source of classification or shelving scheme | Damaged status | Not for loan | Home library | Current library | Date acquired | Total Checkouts | Full call number | Barcode | Date last seen | Price effective from | Koha item type |
|---|---|---|---|---|---|---|---|---|---|---|---|---|---|
| Dewey Decimal Classification | County Hall Archives | County Hall Archives | 07/04/2023 | 341.5 RIK | 10000203 | 07/04/2023 | 07/04/2023 | Books |
